Word Ladder: BLACKPINK Songs Quiz Stats

 Plays Quiz Updated May 13, 2019

Score 0/20 Timer 02:00
26 Plays Today
Clue 4-letter word % Correct
🎶 Playing with ____ 🎶
OR Combustion
FIRE
98.7%
🎶 Kiss and ____ Up (with Dua Lipa) 🎶
OR Create; fashion
MAKE
95.4%
🎶 ____ Know What to Do 🎶
OR Warning
DON'T
89.1%
🎶 As if it’s Your ____ 🎶
OR Caboose’s place
LAST
88%
🎶 ____ This Love 🎶
OR Murder; extinguish
KILL
84.7%
Lion featureMANE
70.9%
Counterfeit; bogusFAKE
70.3%
Bus moneyFARE
69.3%
Finished; overDONE
69.2%
'____ We Forget'LEST
59.4%
Clue 4-letter word % Correct
Breathe heavilyPANT
56.3%
Archaeologist’s findBONE
55%
Easter precederLENT
54.8%
Ale or beer unitPINT
54%
Cash registerTILL
53.8%
Days of yorePAST
53.4%
Undoing; nemesisBANE
52.6%
Hollow; blemishDENT
51.6%
Hue; shadeTINT
51.5%
Incline; slantTILT
50.9%

Today's Daily Dose

You're not logged in!

Compare scores with friends on all Sporcle quizzes.
OR
Log In

Show Comments

Extras

Top Quizzes Today


Score Distribution

Your Account Isn't Verified!

In order to create a playlist on Sporcle, you need to verify the email address you used during registration. Go to your Sporcle Settings to finish the process.

Report this User

Report this user for behavior that violates our Community Guidelines.

Details: